| 000 | 00396nam a22001457a 4500 | ||
|---|---|---|---|
| 082 |
_a355.0092 _bDOD |
||
| 100 |
_aDodge, Theodore Ayrault _949236 |
||
| 245 | _aGreat Captains Caesar/ | ||
| 250 | _aVol I | ||
| 260 |
_aBoston: _bHoughton, Mifflin and Company. _cc1892 |
||
| 300 |
_aix, 380p,. _bill:, _c18cm |
||
| 526 |
_a0 _b0 _c0 _d355_009200000000000_DOD |
||
| 650 |
_aMCE _9379 |
||
| 942 |
_2ddc _cBK |
||
| 999 |
_c552046 _d552046 |
||